Business ethics : (Record no. 9908)

MARC details
000 -LEADER
fixed length control field 01251cam a2200325 a 4500
001 - CONTROL NUMBER
control field 13373899
003 - CONTROL NUMBER IDENTIFIER
control field mut
005 - DATE AND TIME OF LATEST TRANSACTION
control field 20240606081126.0
008 - FIXED-LENGTH DATA ELEMENTS--GENERAL INFORMATION
fixed length control field 031015s2005 maua b 001 0 eng
010 ## - LIBRARY OF CONGRESS CONTROL NUMBER
LC control number 2003114145
020 ## - INTERNATIONAL STANDARD BOOK NUMBER
International Standard Book Number 0618395733
035 ## - SYSTEM CONTROL NUMBER
System control number (DLC) 2003114145
040 ## - CATALOGING SOURCE
Original cataloging agency DLC
Transcribing agency DLC
Modifying agency DLC
050 00 - LIBRARY OF CONGRESS CALL NUMBER
Classification number HF5387
Item number .F45 2005
100 1# - MAIN ENTRY--PERSONAL NAME
Personal name Ferrell, O.C.
245 10 - TITLE STATEMENT
Title Business ethics :
Remainder of title ethical decision making and cases /
250 ## - EDITION STATEMENT
Edition statement 6th ed.
260 ## - PUBLICATION, DISTRIBUTION, ETC.
Place of publication, distribution, etc. Boston :
Name of publisher, distributor, etc. Houghton Mifflin Co.,
Date of publication, distribution, etc. c2005.
300 ## - PHYSICAL DESCRIPTION
Extent xxiii, 461 p. :
Other physical details col. ill. ;
Dimensions 23 cm.
504 ## - BIBLIOGRAPHY, ETC. NOTE
Bibliography, etc. note Includes bibliographical references (p. [429]-448) and index.
650 #0 - SUBJECT ADDED ENTRY--TOPICAL TERM
Topical term or geographic name entry element Business ethics
Form subdivision Case studies.
700 1# - ADDED ENTRY--PERSONAL NAME
Personal name Fraedrich, John.
700 1# - ADDED ENTRY--PERSONAL NAME
Personal name Ferrell, Linda.
856 42 - ELECTRONIC LOCATION AND ACCESS
Materials specified Contributor biographical information
Uniform Resource Identifier <a href="http://www.loc.gov/catdir/enhancements/fy1513/2003114145-b.html">http://www.loc.gov/catdir/enhancements/fy1513/2003114145-b.html</a>
856 42 - ELECTRONIC LOCATION AND ACCESS
Materials specified Publisher description
Uniform Resource Identifier <a href="http://www.loc.gov/catdir/enhancements/fy1513/2003114145-d.html">http://www.loc.gov/catdir/enhancements/fy1513/2003114145-d.html</a>
856 41 - ELECTRONIC LOCATION AND ACCESS
Materials specified Table of contents only
Uniform Resource Identifier <a href="http://www.loc.gov/catdir/enhancements/fy1513/2003114145-t.html">http://www.loc.gov/catdir/enhancements/fy1513/2003114145-t.html</a>
906 ## - LOCAL DATA ELEMENT F, LDF (RLIN)
a 7
b cbc
c orignew
d 2
e epcn
f 20
g y-gencatlg
942 ## - ADDED ENTRY ELEMENTS (KOHA)
Source of classification or shelving scheme Library of Congress Classification
Koha item type Books
Holdings
Withdrawn status Lost status Source of classification or shelving scheme Damaged status Not for loan Home library Current library Date acquired Total checkouts Full call number Barcode Date last seen Price effective from Koha item type Shelving location Source of acquisition
    Library of Congress Classification     Murang'a University of Technology Library Murang'a University of Technology Library 25/05/2017   HF5387 .F45 2005 010713 30/08/2024 25/05/2017 Books    
    Library of Congress Classification     Murang'a University of Technology Library Murang'a University of Technology Library 04/10/2017   HF 5387 .F45 2005 013397 30/08/2024 04/10/2017 Books General stacks Donation-TFC